Sports Quiz

Random Sports or Europe Quiz

Route to champions league Quiz Stats

Quiz not verified by Sporcle

Challenge
Share
Tweet
Embed
Score 0/80 Timer 09:00
0 Plays Today
Season and Winners Club % Correct
2003-04 FC PortoManchester United
99.1%
2006-07 AC MilanManchester United
99.1%
2006-07 AC MilanLiverpool
99.1%
2008-09 BarcelonaManchester United
99.1%
2004-05 LiverpoolChelsea
98.2%
2005-06 BarcelonaChelsea
98.2%
2007-08 Manchester UnitedChelsea
98.2%
2008-09 BarcelonaChelsea
98.2%
2009-10 InternazionaleChelsea
98.2%
2001-02 Real MadridBayern Munich
97.3%
2002-03 AC MilanBayern Munich
97.3%
2005-06 BarcelonaAC Milan
97.3%
2006-07 AC MilanBayern Munich
97.3%
2008-09 BarcelonaBayern Munich
97.3%
2009-10 InternazionaleBayern Munich
97.3%
2000-01 Bayern MunichArsenal
96.4%
2005-06 BarcelonaArsenal
96.4%
2001-02 Real MadridBarcelona
95.5%
2003-04 FC PortoOlympique Lyonnais
95.5%
2007-08 Manchester UnitedBarcelona
95.5%
2009-10 InternazionaleBarcelona*
95.5%
2009-10 InternazionaleBarcelona
95.5%
2000-01 Bayern MunichReal Madrid
91.9%
2002-03 AC MilanReal Madrid
91.9%
2002-03 AC MilanJuventus
91.9%
2003-04 FC PortoReal Madrid*
91.9%
2004-05 LiverpoolJuventus
91.9%
2000-01 Bayern MunichOlympique Lyonnais
91%
2007-08 Manchester UnitedOlympique Lyonnais
91%
2008-09 BarcelonaOlympique Lyonnais
91%
2000-01 Bayern MunichValencia
90.1%
2002-03 AC MilanInternazionale
89.2%
2001-02 Real MadridFC Porto
87.4%
2004-05 LiverpoolAS Monaco*
86.5%
2003-04 FC PortoMonaco
85.6%
2001-02 Real MadridAS Roma
82%
2007-08 Manchester UnitedAS Roma
82%
2007-08 Manchester UnitedAS Roma
82%
2003-04 FC PortoMarseille
81.1%
2000-01 Bayern MunichManchester United
80.2%
Season and Winners Club % Correct
2004-05 LiverpoolAC Milan
80.2%
2002-03 AC MilanAjax Amsterdam
79.3%
2005-06 BarcelonaBenfica
77.5%
2001-02 Real MadridBayer Leverkusen
73%
2004-05 LiverpoolBayer Leverkusen
73%
2006-07 AC MilanCeltic
68.5%
2009-10 InternazionaleCSKA Moscow
67.6%
2000-01 Bayern MunichParis St-Germain
64.9%
2004-05 LiverpoolOlympiakos
64%
2001-02 Real MadridAnderlecht
63.1%
2006-07 AC MilanAnderlecht
63.1%
2001-02 Real MadridPanathinaikos
59.5%
2005-06 BarcelonaPanathinaikos
59.5%
2002-03 AC MilanDeportivo La Coruña
57.7%
2003-04 FC PortoDeportivo La Coruña
57.7%
2004-05 LiverpoolDeportivo La Coruña
57.7%
2007-08 Manchester UnitedDynamo Kiev
57.7%
2009-10 InternazionaleDynamo Kiev
57.7%
2000-01 Bayern MunichSpartak Moscow
56.8%
2007-08 Manchester UnitedSporting Lisbon
56.8%
2008-09 BarcelonaSporting Lisbon
56.8%
2008-09 BarcelonaFC Basel
51.4%
2005-06 BarcelonaWerder Bremen
50.5%
2002-03 AC MilanBorussia Dortmund
48.6%
2006-07 AC MilanLille
46.8%
2000-01 Bayern MunichRosenborg
45%
2008-09 BarcelonaShakhtar Donetsk
45%
2009-10 InternazionaleRubin Kazan
45%
2001-02 Real MadridSparta Prague
39.6%
2006-07 AC MilanAEK Athens
39.6%
2003-04 FC PortoFK Partizan
33.3%
2001-02 Real MadridLokomotiv Moscow
30.6%
2002-03 AC MilanLokomotiv Moscow
30.6%
2006-07 AC MilanRed Star Belgrade
30.6%
2002-03 AC MilanRC Lens
27.9%
2005-06 BarcelonaUdinese
27%
2008-09 BarcelonaWisla Krakow
11.7%
2000-01 Bayern MunichHelsingborg
9.9%
2004-05 LiverpoolGrazer AK
8.1%
2002-03 AC MilanSlovan Liberec
5.4%

You're not logged in!

Compare scores with friends on all Sporcle quizzes.
Sign Up with Email
OR
Log In

You Might Also Like...

Show Comments

Extras

Top Quizzes Today


Score Distribution

Your Account Isn't Verified!

In order to create a playlist on Sporcle, you need to verify the email address you used during registration. Go to your Sporcle Settings to finish the process.

Report this User

Report this user for behavior that violates our Community Guidelines.

Details: